ASOIAF: Maggy the Frog Quiz Stats

 Plays Quiz not verified by Sporcle

Challenge
Share
Tweet
Embed
Score 0/123 Timer 05:00
0 Plays Today
Hint Answer % Correct
the
98.9%
the
98.9%
the
98.9%
and
98.9%
and
98.9%
the
98.9%
and
98.9%
and
98.9%
and
98.9%
and
98.9%
And
98.9%
the
98.9%
and
98.9%
the
98.9%
I
98.7%
Cersei:I
98.7%
I
98.7%
I
98.7%
You
98.5%
you
98.5%
you
98.5%
you
98.5%
you.
98.5%
you,
98.5%
you.
98.5%
you
98.5%
will
98.3%
will
98.3%
will
98.3%
Cersei:Will
98.3%
Melara:Will
98.3%
will
98.3%
be
97.3%
be...
97.3%
be
97.3%
king.
95.7%
king
95.7%
queen,
95%
Queen
95%
children?
93.7%
marry
93.1%
Hint Answer % Correct
have
92.9%
have
92.9%
have
92.9%
three
90.8%
prince?
89.7%
shall
86.7%
shall
86.7%
shall
86.7%
wed
82.6%
wed
82.6%
more
82%
for
81.5%
for
81.5%
Gold
81.4%
gold
81.4%
beautiful,
81.2%
younger
80.8%
Cersei:When
79.9%
their
79.9%
their
79.9%
when
79.9%
your
77%
your
77%
your
77%
Your
77%
to
76.3%
him,
75.4%
until
74%
come
73.8%
crowns
73.4%
shrouds.
72.8%
another,
69.9%
take
69.7%
ten
69.1%
Six
67%
Maggy:Never.
66.4%
there
66.4%
valonqar
66.2%
all
64.9%
Maggy:Not
63.7%
dear.
62%
Hint Answer % Correct
that
61.7%
hold
61.5%
Jaime?
61.1%
Jaime,
61.1%
from
59.5%
life
58.5%
his
57%
hands
56.3%
death
56.1%
is
55.3%
throat
54.6%
down
52.9%
around
52.8%
man.
52.7%
Maggy:Aye...
51.6%
aye...
51.6%
cast
49.8%
one.
48.4%
wrap
47.8%
though?
47.7%
She's
45.9%
her
45.7%
any
44.4%
Maggy:Oh
43.3%
choke
43.1%
tears
42.7%
Worms
42.2%
Can
41.2%
white
41.1%
nor
40.9%
maidenhead.
40.5%
other
38.8%
tonight,
36.7%
pale
36.1%
here
34.1%
drowned
34%
little
31.8%
smell
30.5%
close.
30.4%
breath?
26.4%
very
26.3%

You're not logged in!

Compare scores with friends on all Sporcle quizzes.
OR
Log In

You Might Also Like...

Show Comments

Extras

Top Quizzes Today


Score Distribution

Your Account Isn't Verified!

In order to create a playlist on Sporcle, you need to verify the email address you used during registration. Go to your Sporcle Settings to finish the process.

Report this User

Report this user for behavior that violates our Community Guidelines.

Details: